Multiple Choice City Quiz – Denver - Statistics

General Stats
  • This quiz has been taken 11,079 times
    11,040 since last reset
  • The average score is 6 of 10
Answer Stats
Question Answer % Correct
What is Denver's nickname? The Mile High City
93%
Who was John Denver? A singer
80%
What brewery was founded in the nearby city of Golden, Colorado? Coors
71%
What famous concert venue is located just 10 miles west of Denver? Red Rocks
66%
What ingredients go into a Denver omelette? Ham, onions, green bell peppers
61%
On what object would you find a D for Denver, a P for Philadelphia, or an S for San Francisco? Coin
60%
At 52 square miles in size, Denver has the world's largest (or second largest) ... Airport
59%
What quarterback led the Denver Broncos to five Super Bowls, winning two? John Elway
53%
With a population of about 400,000, what is Denver's most populous suburb? Aurora
48%
What part of the Rocky Mountains can be seen from Denver? Front Range
47%
No matching quizzes found
Score Distribution
Percent of People with Each Score
Percentile by Number Answered
Your Score History
You have not taken this quiz since the last reset